[Event "OS INCLIVEIS"]
[Site "http://www.queenalice.com/game.php?id=1429725"]
[Date "2016.6.29"]
[Round "-"]
[White "adelio"]
[Black "Slaughter"]
[Result "0-1"]
[WhiteElo "1563"]
[BlackElo "2162"]

1. d4 d5 2. e4 c6 3. e5 c5 4. Nf3 Nc6 5. Be3 Qb6 6. b3 cxd4 7. Bxd4 Nxd4 8. Nxd4
Nh6 9. Be2 Nf5 10. c3 Nxd4 11. Qxd4 Bf5 12. O-O e6 13. Nd2 Be7 14. g4 Bg6 15.
Qa4+ Kf8 16. Qb5 Qxb5 17. Bxb5 Bc5 18. Nf3 Ke7 19. Nd4 h5 20. g5 h4 21. h3 Rh5
22. f4 Rc8 23. b4 Bb6 24. Rac1 Rhh8 25. f5 Bxf5 26. Kh2 g6 27. Nxf5+ gxf5 28.
Bd3 Rhg8 29. Bxf5 exf5 30. Rxf5 Rc4 31. Rcf1 Rg7 32. g6 fxg6 33. Rf6 Re4 34. e6
Rxe6 35. Rxe6+ Kxe6 36. Re1+ Kd6 37. Rd1 g5 38. c4 d4 39. c5+ Bxc5 40. bxc5+
Kxc5 41. Rc1+ Kb4 42. Rd1 Rd7 43. Kg2 d3 44. Kf3 d2 45. Kg4 Rd5 46. Kf3 Kc3 47.
Ke3 Kc2 48. Rxd2+ Rxd2 49. Kf3 Rd3+ 50. Kg4 Rg3+ 51. Kf5 b5 52. Kf6 a5 53. Kf5
b4 54. Kf6 a4 55. Kf5 b3 56. axb3 axb3 57. Kf6 b2 58. Kg6 b1=Q 59. Kh5 Qb5 60.
Kg6 Qe5 61. Kf7 Qd6 62. Ke8 Qc7 63. Kf8 Ra3 64. Ke8 Ra8# 0-1

[Event "AUTO-MASTER-2483"]
[Site "http://www.queenalice.com/game.php?id=1429802"]
[Date "2016.6.30"]
[Round "1"]
[White "Equiferus"]
[Black "Slaughter"]
[Result "1/2-1/2"]
[WhiteElo "1962"]
[BlackElo "2178"]

1. Nf3 d5 2. g3 c5 3. d4 e6 4. Bg2 Nc6 5. e3 Nf6 6. O-O Be7 7. Nc3 O-O 8. h4 b6
9. Re1 a6 10. e4 dxe4 11. Nxe4 Nxe4 12. Rxe4 Ra7 13. c3 Rd7 14. Ne5 Nxe5 15.
Rxe5 cxd4 16. cxd4 Rxd4 17. Qc2 Bd7 18. Be3 Rd6 19. f4 Bf6 20. Re4 Bc6 21. Rc4
Bxg2 22. Kxg2 Qa8+ 23. Kf2 Rfd8 24. Rc1 Bd4 25. Bxd4 Rxd4 26. Rxd4 Rxd4 27. Qc8+
Rd8 28. Qxa8 Rxa8 29. b4 Kf8 30. Rc6 Rb8 31. a4 Rb7 32. Ke3 h5 33. Ke4 Ke7 34.
f5 Kd7 35. Rc4 exf5+ 36. Kxf5 Ke7 37. Rc6 Kd7 38. Rc4 b5 39. Rd4+ Ke7 40. a5
1/2-1/2

[Event "AUTO-MASTER-2483"]
[Site "http://www.queenalice.com/game.php?id=1429818"]
[Date "2016.6.30"]
[Round "1"]
[White "Slaughter"]
[Black "CCapivara"]
[Result "0-1"]
[WhiteElo "2191"]
[BlackElo "2144"]

1. e4 d6 2. d4 Nf6 3. Nc3 c6 4. f4 Qa5 5. e5 dxe5 6. fxe5 Nd5 7. Qf3 Nxc3 8. Bd2
e6 9. bxc3 Be7 10. Bd3 O-O 11. Ne2 c5 12. Qe4 g6 13. h4 Nc6 14. h5 Kg7 15. hxg6
hxg6 16. Bh6+ Kg8 17. Qe3 cxd4 18. Qh3 Qxe5 19. Bxf8 Kxf8 20. cxd4 Nxd4 21. Qh6+
Ke8 22. Qh8+ Qxh8 23. Rxh8+ Kd7 24. Nxd4 Bf6 25. Rxc8 Rxc8 26. Rd1 Bxd4 27. Bb5+
Kc7 28. Rxd4 Kb6 29. Bd3 Rc7 30. Kd2 a6 31. Be4 Kc5 32. Kd3 b5 33. Bf3 a5 34. g4
f5 35. gxf5 gxf5 36. a4 bxa4 37. Rc4+ Kb6 38. Rxc7 Kxc7 39. Kc4 e5 40. Bg2 Kd6
41. Bh3 f4 42. Bg2 a3 43. Kb3 Kc5 44. Kxa3 Kd4 45. Kb3 e4 46. c4 f3 47. Bh1 a4+
48. Kb4 a3 49. Kxa3 Kxc4 50. Kb2 Kd3 51. Kb3 f2 52. Bg2 e3 0-1

[Event "AUTO-MASTER-2483"]
[Site "http://www.queenalice.com/game.php?id=1429819"]
[Date "2016.6.30"]
[Round "1"]
[White "CCapivara"]
[Black "Slaughter"]
[Result "1/2-1/2"]
[WhiteElo "2166"]
[BlackElo "2182"]

1. e4 c6 2. d4 d5 3. exd5 cxd5 4. Nf3 Nf6 5. Bd3 Nc6 6. O-O Qc7 7. Re1 Bg4 8. c3
e6 9. Bg5 Bd6 10. h3 Bh5 11. Nbd2 Bg6 12. Bxg6 hxg6 13. Bxf6 gxf6 14. Nf1 Kf8
15. Ne3 Kg7 16. Qd3 a6 17. a3 b5 18. Re2 Na5 19. Rae1 Rac8 20. Nd2 Bf4 1/2-1/2

[Event "AUTO-OPEN-3636"]
[Site "http://www.queenalice.com/game.php?id=1434426"]
[Date "2016.8.2"]
[Round "2"]
[White "Mercurium"]
[Black "Slaughter"]
[Result "1-0"]
[WhiteElo "2123"]
[BlackElo "2204"]

1. d4 d5 2. c4 e6 3. Nc3 c5 4. e3 cxd4 5. exd4 Nf6 6. Nf3 Be7 7. cxd5 Nxd5 8.
Bd3 O-O 9. O-O Bf6 10. Re1 Nc6 11. Be4 Nce7 12. Ne5 Bd7 13. Qd3 g6 14. Bh6 Bg7
15. Bxg7 Kxg7 16. Qf3 1-0

[Event "AUTO-OPEN-3636"]
[Site "http://www.queenalice.com/game.php?id=1434427"]
[Date "2016.8.2"]
[Round "2"]
[White "Slaughter"]
[Black "Mercurium"]
[Result "0-1"]
[WhiteElo "2180"]
[BlackElo "2137"]

1. e4 g6 2. d4 Bg7 3. Nc3 d6 4. Nf3 Nf6 5. Be2 c6 6. O-O O-O 7. a4 a5 8. h3 Na6
9. Re1 Nb4 10. Bf1 Qc7 11. Bf4 Bd7 12. Qd2 Qc8 13. Na2 Nxa2 0-1

[Event "Challenge"]
[Site "http://www.queenalice.com/game.php?id=1435670"]
[Date "2016.8.11"]
[Round "-"]
[White "MADMIKE"]
[Black "Slaughter"]
[Result "1-0"]
[WhiteElo "1988"]
[BlackElo "2172"]

1. d4 d5 2. Nc3 Nf6 3. h3 Bf5 4. e3 e6 5. a3 Bd6 6. Nf3 O-O 7. Bd3 Nbd7 8. Bxf5
exf5 9. O-O c6 10. b4 Ne4 11. Bb2 Ndf6 12. b5 Rc8 13. a4 Bb8 14. Nxe4 fxe4 15.
Ne5 Qd6 16. Ba3 1-0

[Event "Challenge"]
[Site "http://www.queenalice.com/game.php?id=1435671"]
[Date "2016.8.11"]
[Round "-"]
[White "Slaughter"]
[Black "MADMIKE"]
[Result "1-0"]
[WhiteElo "2154"]
[BlackElo "2024"]

1. e4 e5 2. Nf3 d6 3. Bc4 h6 4. d4 Be7 5. h3 Nf6 6. Nc3 a6 7. dxe5 dxe5 8. Qxd8+
Bxd8 9. Nxe5 O-O 10. O-O c6 11. a4 Nbd7 12. Nxd7 Bxd7 13. f3 b5 14. axb5 cxb5
15. Bb3 Nh5 16. Be3 Kh8 17. Bd5 Rb8 18. Rxa6 b4 19. Rd6 bxc3 20. Rxd7 cxb2 21.
Rb1 Bf6 22. g4 Ng3 23. Kf2 Bh4 24. Kg2 Ne2 25. Bb3 Nc3 26. Rxb2 Bf6 27. Bd4 Bxd4
28. Rxd4 Ne2 29. Rd7 Nf4+ 30. Kg3 Ne6 31. Ra2 Nc5 32. Rxf7 Rxf7 33. Bxf7 Rf8 34.
Bd5 1-0

[Event "JailtonMaster"]
[Site "http://www.queenalice.com/game.php?id=1435984"]
[Date "2016.8.12"]
[Round "2"]
[White "MSchatz"]
[Black "Slaughter"]
[Result "0-1"]
[WhiteElo "1984"]
[BlackElo "2192"]

1. e4 c6 2. Nf3 d5 3. exd5 cxd5 4. d4 Nf6 5. Bf4 Qb6 6. Bc1 Bg4 7. Be2 e6 8. O-O
Bd6 9. h3 Bh5 10. b3 Nc6 11. Bb2 Qc7 12. Nbd2 O-O 13. c3 a6 14. Re1 b5 15. b4 a5
16. a3 Rab8 17. Nf1 Ne4 18. N1d2 Nf6 19. Nf1 Rfc8 20. N3d2 Bxe2 21. Qxe2 Ne7 22.
Ne3 Ng6 23. Nb3 axb4 24. cxb4 Bh2+ 25. Kh1 Nf4 26. Qd2 Ne4 27. Rac1 Qd6 28.
Rxc8+ Rxc8 0-1

[Event "AUTO-ADV-3621"]
[Site "http://www.queenalice.com/game.php?id=1440952"]
[Date "2016.9.12"]
[Round "2"]
[White "dadaspazzi"]
[Black "Slaughter"]
[Result "1-0"]
[WhiteElo "1987"]
[BlackElo "2076"]

1. d4 d5 2. c4 e6 3. Nf3 c5 4. dxc5 Bxc5 5. e3 Nc6 6. a3 Nf6 7. b4 Bd6 8. e4
Nxe4 9. cxd5 exd5 10. Bb5 O-O 11. O-O Bc7 12. Bb2 Bg4 13. Qd4 Nf6 14. Bxc6 bxc6
15. Nbd2 1-0

[Event "AUTO-ADV-3621"]
[Site "http://www.queenalice.com/game.php?id=1440953"]
[Date "2016.9.12"]
[Round "2"]
[White "Slaughter"]
[Black "dadaspazzi"]
[Result "0-1"]
[WhiteElo "2167"]
[BlackElo "1963"]

1. e4 c5 2. c3 d6 3. d4 Nf6 4. Bd3 cxd4 5. cxd4 Nc6 6. Nf3 e6 7. Nc3 Be7 8. O-O
O-O 9. a3 a6 10. Bc2 Qc7 11. Bg5 e5 12. h3 h6 13. Bxf6 Bxf6 14. Nd5 Qd8 15.
Nxf6+ Qxf6 16. d5 Ne7 17. Kh2 Kh8 18. Bd3 Rg8 19. Nd2 b5 20. Rc1 Ra7 21. Nb3 Ng6
22. g3 Nf4 23. Rxc8 Rxc8 0-1

[Event "AUTO-ADV-3621"]
[Site "http://www.queenalice.com/game.php?id=1440956"]
[Date "2016.9.12"]
[Round "2"]
[White "Slaughter"]
[Black "JailtonMaster"]
[Result "0-1"]
[WhiteElo "2149"]
[BlackElo "2049"]

1. e4 c5 2. c3 Nc6 3. d4 cxd4 4. cxd4 e6 5. Nf3 d5 6. exd5 exd5 7. h3 Nf6 8. Bb5
Bb4+ 9. Nc3 Ne4 10. Qb3 Qe7 11. O-O Bxc3 12. bxc3 a6 13. Bd3 O-O 14. Ba3 Nd6 15.
Rfe1 Qc7 16. Ne5 Be6 0-1

[Event "AUTO-ADV-3621"]
[Site "http://www.queenalice.com/game.php?id=1440957"]
[Date "2016.9.12"]
[Round "2"]
[White "JailtonMaster"]
[Black "Slaughter"]
[Result "1-0"]
[WhiteElo "2069"]
[BlackElo "2093"]

1. e4 c6 2. d4 d5 3. exd5 cxd5 4. Nf3 Nf6 5. Bb5+ Nc6 6. O-O Bg4 7. h3 Bh5 8.
Bg5 e6 9. g4 Bg6 10. Ne5 Qb6 11. Qe2 Bd6 12. Nc3 O-O 13. Nxg6 hxg6 14. Bxc6 bxc6
15. Qd3 Qxb2 16. Rab1 1-0

[Event "Challenge"]
[Site "http://www.queenalice.com/game.php?id=1441143"]
[Date "2016.9.13"]
[Round "-"]
[White "Slaughter"]
[Black "Aspayne"]
[Result "1-0"]
[WhiteElo "2198"]
[BlackElo "2080"]

1. e4 c6 2. d4 d5 3. exd5 cxd5 4. c4 Nf6 5. Nc3 e6 6. Nf3 Nc6 7. Bg5 Be7 8. a3
O-O 9. Bd3 dxc4 10. Bxc4 Nd5 11. Bxe7 Ncxe7 12. O-O a6 13. Bb3 b5 14. Qd3 Bb7
15. Bc2 g6 16. Ne4 Nf5 17. Nc5 Qb6 18. Nd7 1-0

[Event "Challenge"]
[Site "http://www.queenalice.com/game.php?id=1441363"]
[Date "2016.9.15"]
[Round "-"]
[White "dnptrs"]
[Black "Slaughter"]
[Result "1-0"]
[WhiteElo "2209"]
[BlackElo "2216"]

1. d4 d5 2. Nf3 c5 3. e3 Nc6 4. a3 e6 5. b3 Nf6 6. Bb2 Be7 7. dxc5 Bxc5 8. c4 a6
9. Nd4 O-O 10. cxd5 exd5 11. Nxc6 bxc6 12. Be2 Re8 13. Nc3 Qd6 14. Na4 Ba7 15.
b4 Ne4 16. O-O Re6 17. Bd4 Bb8 18. f4 Bc7 19. Qc2 g5 20. Nc5 Nxc5 21. bxc5 Qe7
22. Bd3 Rh6 23. g3 gxf4 24. exf4 Bh3 25. Rfe1 Qd7 26. Rab1 Bxf4 27. Qf2 Bg5 28.
Bxa6 Re6 29. Be2 Re4 30. Bf3 Rxe1+ 31. Rxe1 Rxa3 32. Qe2 f6 33. Bh5 Ra4 34. Qd1
Qa7 35. g4 Ra2 36. Qf3 Bg2 37. Re8+ Kg7 38. Qf5 1-0

[Event "AUTO-MASTER-2455"]
[Site "http://www.queenalice.com/game.php?id=1443626"]
[Date "2016.9.30"]
[Round "2"]
[White "teddy"]
[Black "Slaughter"]
[Result "1-0"]
[WhiteElo "2103"]
[BlackElo "2127"]

1. e4 c6 2. d4 d5 3. Nc3 dxe4 4. Nxe4 Bf5 5. Ng3 Bg6 6. Nf3 Nd7 7. Bd3 Ngf6 8.
c3 e6 9. Qc2 Bd6 10. Bxg6 hxg6 11. Bd2 1-0